<?xml version="1.0" encoding="UTF-8"?>
<record
    xmlns:xsi="http://www.w3.org/2001/XMLSchema-instance"
    xsi:schemaLocation="http://www.loc.gov/MARC21/slim http://www.loc.gov/standards/marcxml/schema/MARC21slim.xsd"
    xmlns="http://www.loc.gov/MARC21/slim">

  <leader>01751nam a22002297a 4500</leader>
  <controlfield tag="005">20260130095315.0</controlfield>
  <controlfield tag="008">220111b           ||||| |||| 00| 0 eng d</controlfield>
  <datafield tag="020" ind1=" " ind2=" ">
    <subfield code="a">9789387894600</subfield>
  </datafield>
  <datafield tag="040" ind1=" " ind2=" ">
    <subfield code="c">AL</subfield>
  </datafield>
  <datafield tag="041" ind1=" " ind2=" ">
    <subfield code="a">eng</subfield>
  </datafield>
  <datafield tag="082" ind1=" " ind2=" ">
    <subfield code="2">23</subfield>
    <subfield code="a">820.33 </subfield>
    <subfield code="b">ZACS</subfield>
  </datafield>
  <datafield tag="100" ind1=" " ind2=" ">
    <subfield code="a">Paul Zacharia</subfield>
    <subfield code="9">253255</subfield>
  </datafield>
  <datafield tag="245" ind1=" " ind2=" ">
    <subfield code="a">Secret history of compassion</subfield>
  </datafield>
  <datafield tag="260" ind1=" " ind2=" ">
    <subfield code="b">Chennai</subfield>
    <subfield code="a">Westlan Publications Pvt Ltd</subfield>
    <subfield code="c">2019</subfield>
  </datafield>
  <datafield tag="300" ind1=" " ind2=" ">
    <subfield code="a">xii,431p</subfield>
    <subfield code="b">PB</subfield>
    <subfield code="c">21x14cm</subfield>
  </datafield>
  <datafield tag="365" ind1=" " ind2=" ">
    <subfield code="2">General</subfield>
    <subfield code="a">4529</subfield>
    <subfield code="b">467.22</subfield>
    <subfield code="c">&#x20B9;</subfield>
    <subfield code="d">599.00</subfield>
    <subfield code="e">22%</subfield>
    <subfield code="f">22-12-2021</subfield>
  </datafield>
  <datafield tag="520" ind1=" " ind2=" ">
    <subfield code="a">The art of lying reaches the zenith of its glory as Lord Spider, famous author of popular fiction, J.L. Pillai, eminent executioner, aspiring writer, shape-shifter and meditative voyeur, and Rosi, Spider&#x2019;s wife and freelancing philosopher, get together to write an essay on Compassion for the Communist Party.
God herself is here. So is Stalin (whose real identity is now revealed). And Satan (whose true nature is finally discovered). As also a Gandhi doppelganger. And making a guest appearance in this pre-truth tale about a post-truth literary partnership is Jesus in his 37th incarnation. Other personalities include Brother Dog, the cynic of the household, Tarzan, a well-known stud bull, and Pretty Man, a snake-father.
Flying and shape-changing flourish in this wordy world. There's virginity in the air. If there's madness, there's no evidence of it. And far away waits the Valley of Lost Songs.
By one of India&#x2019;s foremost writers, widely known for his wicked turn of phrase and unfailing irreverence for the Establishment, this is a novel in brilliant, irresistible freefall.</subfield>
  </datafield>
  <datafield tag="650" ind1=" " ind2=" ">
    <subfield code="a">English Fiction</subfield>
    <subfield code="9">12903</subfield>
  </datafield>
  <datafield tag="650" ind1=" " ind2=" ">
    <subfield code="a">Indian English Fiction</subfield>
    <subfield code="9">12904</subfield>
  </datafield>
  <datafield tag="650" ind1=" " ind2=" ">
    <subfield code="a">English Literature</subfield>
    <subfield code="9">12905</subfield>
  </datafield>
  <datafield tag="942" ind1=" " ind2=" ">
    <subfield code="2">ddc</subfield>
    <subfield code="c">BK</subfield>
  </datafield>
  <datafield tag="999" ind1=" " ind2=" ">
    <subfield code="c">221151</subfield>
    <subfield code="d">221151</subfield>
  </datafield>
  <datafield tag="952" ind1=" " ind2=" ">
    <subfield code="0">0</subfield>
    <subfield code="1">0</subfield>
    <subfield code="2">ddc</subfield>
    <subfield code="4">0</subfield>
    <subfield code="7">0</subfield>
    <subfield code="8">GEN</subfield>
    <subfield code="a">AL</subfield>
    <subfield code="b">AL</subfield>
    <subfield code="d">2021-12-30</subfield>
    <subfield code="e">Biblios Book Point Surathkal, Mangalore-575014</subfield>
    <subfield code="g">467.22</subfield>
    <subfield code="l">1</subfield>
    <subfield code="o">820.33 ZACS</subfield>
    <subfield code="p">075236</subfield>
    <subfield code="r">2023-03-16 00:00:00</subfield>
    <subfield code="s">2023-03-09</subfield>
    <subfield code="v">599.00</subfield>
    <subfield code="w">2021-12-22</subfield>
    <subfield code="y">BK</subfield>
  </datafield>
</record>
